000 00323pab a2200145 454500
008 180718b1990 xxu||||| |||| 00| 0 eng d
100 _aSimon, Yves R.
245 _aLaw and liberty
260 _c1990
300 _a107-18
362 _aWinter
650 _aCivil Liberties
773 _aReview of Politics
909 _a6074
999 _c6074
_d6074